| 000 | 00861nam0a2200289 4500 | ||
|---|---|---|---|
| 001 | RU\NLR\bibl\1828581 | ||
| 005 | 20260406153732.0 | ||
| 010 |
_a978-5-699-51047-4 _93000 |
||
| 021 |
_aRU _b2011-68870 _9514д/11 |
||
| 035 | _a(NLR Aleph) 001819096 | ||
| 090 |
_a1980073 _c1980073 |
||
| 100 | _a20111102d2011 |||y0rusy50 ca | ||
| 101 | 0 | _arus | |
| 102 | _aRU | ||
| 105 | _ay ||||||||| | ||
| 200 | 1 |
_aПосле конца _eроман _fЮрий Мамлеев |
|
| 210 |
_aМосква _cЭКСМО _d2011 |
||
| 215 |
_a316, [2] с. _d21 |
||
| 686 | _aШ6(2=Р)6-4 | ||
| 700 | 1 |
_4570 _8rus _7ca _aМамлеев _bЮ. В. _f1931-2015 _gЮрий Витальевич _3RU\NLR\AUTH\776527 _9116479 |
|
| 801 | 0 |
_aRU _bNLR _c20111102 _gRCR |
|
| 801 | 1 |
_aRU _bNLR _c20111102 |
|
| 942 | _cBOOK | ||
| 980 | _aNB | ||
| 980 | _aNBR | ||